000 00184 a2200097 4500
020 _a0439795680
041 _aeng
100 _aLasky, Kathryn
245 _aThe first collier
942 _cBK
999 _c9287
_d9287